00887 a2200169 4500003000500000005001700005040000900022082001200031100003300043245004500076260003400121300001900155505038100174942002100555999001900576952012200595Nust20230201132044.0 cNust a940,PEP aShepared, Ernest H. 9108386 aEverybody's Pepys / cErnest H. Shepared aLondonbG.Bell and sonsc1929 axxii:570 pages aIntroduction (Page-Ix), Note Of The Pepys Family (Page-Xxi), Note On The Navy Board (Page-Xxii), First Year 1960 (Page-1), Second Year 1961 (Page-64), Third Year 1962 (Page-104), Fourth Year 1963 (Page-141), Fifth Year 1964 (Page-199), Sixth Year 1965 (Page-239), Seventh Year 1966 (Page-292), Eight Year 1967 (Page-361), Nine Year 1968 (Page-458), Tenth Year 1969 (Page-519). 2ddccBKk940,PEP c193978d193978 00102ddc4070aMCSbMCScGENd2016-12-12o940,PEPpMCS29268r2016-12-08w2016-12-12yBKzAlmirah No. 59, Shelf No.6